Gazetteer of the province of Sind Nawabshah district (Record no. 330699)

000 -LEADER
fixed length control field nam a22 7a 4500
003 - CONTROL NUMBER IDENTIFIER
control field NUST
005 - DATE AND TIME OF LATEST TRANSACTION
control field 20180116124341.0
008 - FIXED-LENGTH DATA ELEMENTS--GENERAL INFORMATION
fixed length control field 170731b xxu||||| |||| 00| 0 eng d
020 ## - INTERNATIONAL STANDARD BOOK NUMBER
International Standard Book Number 9799693517445
040 ## - CATALOGING SOURCE
Transcribing agency NUST
082 ## - DEWEY DECIMAL CLASSIFICATION NUMBER
Classification number 954.918
Author Mark GAZ
245 ## - TITLE STATEMENT
Title Gazetteer of the province of Sind Nawabshah district
260 ## - PUBLICATION, DISTRIBUTION, ETC.
Place of publication, distribution, etc. Lahore:
Name of publisher, distributor, etc. Sang-e mil publication,
Date of publication, distribution, etc. 2005
300 ## - PHYSICAL DESCRIPTION
Extent 78 p. ;
504 ## - BIBLIOGRAPHY, ETC. NOTE
Bibliography, etc. note Include index
650 ## - SUBJECT ADDED ENTRY--TOPICAL TERM
Topical term or geographic name entry element Pakistan (Provincial History)- Nawabshah
9 (RLIN) 3667
942 ## - ADDED ENTRY ELEMENTS (KOHA)
Source of classification or shelving scheme
Koha item type Book
Holdings
Withdrawn status Lost status Source of classification or shelving scheme Damaged status Not for loan Collection code Permanent Location Current Location Shelving location Date acquired Total Checkouts Full call number Barcode Date last seen Copy number Price effective from Koha item type
            Central Library (CL) Central Library (CL) Book Cart 07/31/2017   954.918 GAZ CL2762 05/10/2022 1 07/31/2017 Book
© 2023 Central Library, National University of Sciences and Technology. All Rights Reserved.